Un año: tres ilustraciones de Gabriela Emar

Guardat en:
Dades bibliogràfiques
Autor principal: Emar, Juan (Autor)
Format: Llibre
Idioma:espanyol
Publicat: Santiago Sudamericana 1996
Edició:1a. ed
Col·lecció:Biblioteca Claves de Chile
Matèries:
Etiquetes: Afegir etiqueta
Sense etiquetes, Sigues el primer a etiquetar aquest registre!

MARC

LEADER 00000nam a2200000 a 4500
001 UCK7141
003 CL-VaPUC
008 051111e19960000CL |||||||||||||||||spa|d
020 |a 9562620425 
082 0 4 |a Ch863  |b EMA  |2 21 
100 |a Emar, Juan   |e author  |9 454978 
245 1 3 |a Un año: tres ilustraciones de Gabriela Emar 
250 |a 1a. ed 
300 |a 118 p 
942 |c BK 
945 |d 20051111 00:00:00  |a cmena 
260 |a Santiago  |b Sudamericana  |c 1996 
650 0 |a Novelas chilenas   |9 265425 
650 0 |a Literatura chilena   |9 308278 
583 |a last modification  |c 20051111 00:00:00  |k Rodrigo Vera 
490 0 |a Biblioteca Claves de Chile 
999 |c 315183  |d 315181 
952 |0 0  |1 0  |4 0  |6 CH_863_000000000000000_EMA_1996  |7 0  |8 A  |9 388148  |a FDOPOS  |b FDOPOS  |d 2019-11-22  |i 4177231  |o Ch863 EMA 1996  |p 4177231  |r 2025-01-22  |w 2019-11-22  |y BK  |k MLH